000 01451nam a2200373 a 4500
001 ebr10296469
003 CaPaEBR
006 m u
007 cr cn|||||||||
008 071123s2008 njua sb 001 0 eng
010 _z 2007047648
015 _aGBA851234
_2bnb
016 7 _z014574729
_2Uk
020 _z9780470269787 (cloth)
020 _z0470269782 (cloth)
040 _aCaPaEBR
_cCaPaEBR
035 _a(OCoLC)647763408
043 _ae-ru---
050 1 4 _aHG5580.2.A3
_bC66 2008eb
082 0 4 _a330.947
_222
100 1 _aConnor, John T.,
_d1941-
245 1 0 _aOut of the red
_h[electronic resource] :
_binvestment and capitalism in Russia /
_cJohn T. Connor ; with Lawrence P. Milford.
260 _aHoboken, N.J. :
_bJohn Wiley & Sons,
_cc2008.
300 _axvii, 205 p. :
_bill.
504 _aIncludes bibliographical references (p. 185-197) and index.
533 _aElectronic reproduction.
_bPalo Alto, Calif. :
_cebrary,
_d2013.
_nAvailable via World Wide Web.
_nAccess may be limited to ebrary affiliated libraries.
650 0 _aInvestments
_zRussia (Federation)
650 0 _aCapitalism
_zRussia (Federation)
651 0 _aRussia (Federation)
_xEconomic policy.
655 7 _aElectronic books.
_2local
700 1 _aMilford, Lawrence P.,
_d1975-
710 2 _aebrary, Inc.
856 4 0 _uhttp://site.ebrary.com/lib/rucke/Doc?id=10296469
_zAn electronic book accessible through the World Wide Web; click to view
999 _c77337
_d77337